Astrophysical concepts (Record no. 8014)

MARC details
000 -LEADER
fixed length control field 00553nam a2200193Ia 4500
003 - CONTROL NUMBER IDENTIFIER
control field IN-BaIIA
008 - FIXED-LENGTH DATA ELEMENTS--GENERAL INFORMATION
fixed length control field 211028s9999 xx 000 0 eng d
020 ## - INTERNATIONAL STANDARD BOOK NUMBER
International Standard Book Number 0-910533-00-8
040 ## - CATALOGING SOURCE
Transcribing agency IIA Library
080 ## - UNIVERSAL DECIMAL CLASSIFICATION NUMBER
Universal Decimal Classification number 521.03
Item number HAR
100 ## - MAIN ENTRY--PERSONAL NAME
Personal name Harwit, Martin
9 (RLIN) 7978
245 #0 - TITLE STATEMENT
Title Astrophysical concepts
Statement of responsibility, etc. Martin Harwit
260 ## - PUBLICATION, DISTRIBUTION, ETC.
Place of publication, distribution, etc. Ithaca
Name of publisher, distributor, etc. Concepts
Date of publication, distribution, etc. 1973
300 ## - PHYSICAL DESCRIPTION
Extent xiv, 561p.
650 ## - SUBJECT ADDED ENTRY--TOPICAL TERM
Topical term or geographic name entry element Astronomy
9 (RLIN) 80
650 ## - SUBJECT ADDED ENTRY--TOPICAL TERM
Topical term or geographic name entry element Astronomy and astrophysics thesaurus
650 ## - SUBJECT ADDED ENTRY--TOPICAL TERM
Topical term or geographic name entry element Astrophysics
9 (RLIN) 794
942 ## - ADDED ENTRY ELEMENTS (KOHA)
Koha item type Books
Holdings
Withdrawn status Lost status Damaged status Not for loan Home library Current library Shelving location Date acquired Total Checkouts Full call number Barcode Date last seen Date last checked out Price effective from Koha item type Purchase Price
        IIA Library-Bangalore IIA Library-Bangalore General Stacks 04/12/1984 2 521.03/ HAR 8839 01/04/2025 17/01/2025 04/12/1984 Books £ 16.15

Powered by Koha